State of the industry (Record no. 68461)
[ view plain ]
| 000 -LEADER | |
|---|---|
| fixed length control field | 01432cam a2200265 4500 |
| 001 - CONTROL NUMBER | |
| control field | ABS64467 |
| 008 - FIXED-LENGTH DATA ELEMENTS--GENERAL INFORMATION | |
| fixed length control field | 011003n2001 000 0 eng u |
| 035 ## - SYSTEM CONTROL NUMBER | |
| System control number | (Sirsi) u114978 |
| 100 ## - MAIN ENTRY--PERSONAL NAME | |
| Personal name | Cannon, J. |
| 245 ## - TITLE STATEMENT | |
| Title | State of the industry |
| 260 ## - PUBLICATION, DISTRIBUTION, ETC. | |
| Date of publication, distribution, etc. | 2001 |
| 490 ## - SERIES STATEMENT | |
| Series statement | Building |
| Volume/sequential designation | 266(8203) 28 September 2001, 66-70(5) |
| 520 ## - SUMMARY, ETC. | |
| Summary, etc. | Discusses the DTI's figures for the construction industry for 2Q 2001. These reveal that the industry's output rose 1.3% compared with 1Q 2001. Private commercial work fell 8% over the summer, but there was a steep rise in public sector work. For instance, public non-housing work rose 17% and public housing new work gained 13%. Looks at the picture in the English regions. Also considers the DTI's figures for construction orders in 2Q 2001, which were steeply down. Notes that this drop would have been even more severe had it not been for a sharp rise in the procurement of hospitals and schools. Finally, provides details of, and discusses, the DTLR's planning figures for 1Q 2001. While planning applications have risen, there has been a drop in the number of approvals. Tables and graphs. |
| 590 ## - LOCAL NOTE (RLIN) | |
| Local note | ABS |
| 650 ## - SUBJECT ADDED ENTRY--TOPICAL TERM | |
| Topical term or geographic name entry element | DTI |
| 650 ## - SUBJECT ADDED ENTRY--TOPICAL TERM | |
| Topical term or geographic name entry element | CONSTRUCTION INDUSTRY |
| 650 ## - SUBJECT ADDED ENTRY--TOPICAL TERM | |
| Topical term or geographic name entry element | OUTPUT |
| 650 ## - SUBJECT ADDED ENTRY--TOPICAL TERM | |
| Topical term or geographic name entry element | NEW WORK |
| 650 ## - SUBJECT ADDED ENTRY--TOPICAL TERM | |
| Topical term or geographic name entry element | REPAIR AND MAINTENANCE |
| 650 ## - SUBJECT ADDED ENTRY--TOPICAL TERM | |
| Topical term or geographic name entry element | CONSTRUCTION ORDERS |
| 650 ## - SUBJECT ADDED ENTRY--TOPICAL TERM | |
| Topical term or geographic name entry element | PLANNING |
| 650 ## - SUBJECT ADDED ENTRY--TOPICAL TERM | |
| Topical term or geographic name entry element | DTLR |
| 690 ## - LOCAL SUBJECT ADDED ENTRY--TOPICAL TERM (OCLC, RLIN) | |
| Topical term or geographic name as entry element | BUILT ENVIRONMENT |
| 942 ## - ADDED ENTRY ELEMENTS (KOHA) | |
| Suppress in OPAC | 0 |
| Withdrawn status | Lost status | Source of classification or shelving scheme | Damaged status | Not for loan | Home library | Current library | Shelving location | Date acquired | Total Checkouts | Full call number | Barcode | Date last seen | Copy number | Price effective from | Koha item type |
|---|---|---|---|---|---|---|---|---|---|---|---|---|---|---|---|
| Dewey Decimal Classification | London | London | Journal article | 03/10/2001 | ABS64467 | 114978-1001 | 06/08/2019 | 1 | 06/08/2019 | Journal article |